European Geography Ending In A - Statistics

General Stats
  • This quiz has been taken 386 times
  • The average score is 13 of 15
Answer Stats
Hint Answer % Correct
Capital of Austria Vienna
99%
Small country between France and Spain Andorra
95%
Tallinn is this countries capital Estonia
95%
Capital of Bulgaria Sofia
93%
Most southern of the Baltic countries Lithuania
90%
Region of Spain containing Barcelona Catalonia
87%
Landlocked country in Central Europe Slovakia
85%
Country with a maroon and white flag Latvia
84%
Small island nation formerly part of British empire Malta
84%
Eastern European country and former Soviet republic Moldova
83%
River in Russia that is the longest in Europe Volga
80%
Landlocked country in south-eastern and Central Europe Serbia
79%
Country in Central Europe, known for its mountains Slovenia
78%
Currency used in Sweden Krona
76%
Port city and the capital of northwest Italy's Liguria region Genoa
63%
No matching quizzes found
Score Distribution
Percent of People with Each Score
Percentile by Number Answered
Your Score History
You have not taken this quiz